The moral law: Kant's groundwork of the metaphysic of morals

Furkejuvvon:
Bibliográfalaš dieđut
Váldodahkki: Paton, H. J. (Dahkki)
Materiálatiipa: Girji
Giella:eaŋgalasgiella
Almmustuhtton: Londres Hutchinson University 1948
Fáttát:
Fáddágilkorat: Lasit fáddágilkoriid
Eai fáddágilkorat, Lasit vuosttaš fáddágilkora!

MARC

LEADER 00000nam a2200000 a 4500
001 UCZ4255
003 CL-VaPUC
008 951106e19480000UK |||||||||||||||||eng|d
082 0 4 |a 170  |b PAT  |2 21 
100 |a Paton, H. J.  |e author  |9 348229 
245 1 4 |a The moral law: Kant's groundwork of the metaphysic of morals 
300 |a 142 p 
600 0 |a Kant, Immanuel,  |d 1724-1804  |9 858687 
942 |c BK 
945 |d 19951106 00:00:00  |a cmena 
260 |a Londres  |b Hutchinson University  |c 1948 
650 0 |a Ética  |9 255099 
650 0 |a Conceptos morales   |9 310606 
650 0 |a Racionalismo  |9 259116 
650 0 |a Teoría del conocimiento   |9 255038 
650 0 |a Metafísica  |9 265649 
650 0 |a Razón   |9 314475 
583 |a last modification  |c 19951106 00:00:00  |k Rodrigo Vera 
999 |c 240670  |d 240668 
952 |0 0  |1 0  |4 0  |6 170_000000000000000_PAT_1948  |7 0  |8 P  |9 252655  |a BIBEDU  |b BIBEDU  |c BIBEDU_PB  |d 2019-11-18  |i 1594516  |o 170 PAT 1948  |p 1594516  |r 2024-01-25  |w 2019-11-18  |y BK  |k FIL